[Event "North American op 33rd"]
[Site "Las Vegas"]
[Date "2023.12.28"]
[Round "5"]
[White "Burke, John M"]
[Black "Li, George"]
[Result "1-0"]
[WhiteElo "2584"]
[BlackElo "2398"]
[PlyCount "111"]
[EventDate "2023.12.26"]
[EventType "swiss"]
[EventRounds "9"]
[EventCountry "USA"]
[SourceTitle "CB01_2024"]
[SourceDate "2024.01.03"]
[SourceVersion "1"]
[SourceVersionDate "2024.01.03"]
[SourceQuality "1"]

1. e4 d6 2. d4 Nf6 3. Nc3 g6 4. Be3 a6 5. h3 Bg7 6. f4 b5 7. e5 Nfd7 8. Qf3 Nb6 9. Bd3 N8d7 10. 0-0-0 Rb8 11. h4 Bb7 12. Qg3 b4 13. Ne4 Nd5 14. h5 N7b6 15. Bd2 e6 16. hxg6 hxg6 17. Rxh8+ Bxh8 18. Ng5 Qe7 19. Nxf7 Kxf7 20. Bxg6+ Kg8 21. Nf3 Qg7 22. Qg4 Ne7 23. Qxe6+ Kf8 24. Bd3 Bc8 25. Qb3 Qxg2 26. Be4 Qg8 27. d5 Bf5 28. Bxf5 Nxf5 29. Qd3 Qg4 30. Rg1 Qh3 31. Qe4 Nd7 32. Ng5 Nc5 33. Qe1 Qh4 34. Qf1 Bg7 35. Be1 Qh5 36. Bf2 Bh6 37. Bxc5 dxc5 38. Qxa6 Bxg5 39. fxg5 Qf3 40. Rf1 Qe3+ 41. Kb1 Qxe5 42. Qg6 Ke7 43. Qxf5 Qxf5 44. Rxf5 Rh8 45. Rf1 Rh3 46. Rg1 c4 47. b3 c3 48. a3 bxa3 49. Rg2 Rh1+ 50. Ka2 Rd1 51. Rg3 Rxd5 52. g6 Kf8 53. Kxa3 c5 54. Rxc3 Kg7 55. Ka4 Kxg6 56. Kb5 1-0

[Event "US op 123nd"]
[Site "Grand Rapids"]
[Date "2023.08.05"]
[Round "8"]
[White "Matviishen, Viktor"]
[Black "Li, George"]
[Result "1-0"]
[WhiteElo "2550"]
[BlackElo "2394"]
[PlyCount "99"]
[EventDate "2023.07.29"]
[EventType "swiss"]
[EventRounds "9"]
[EventCountry "USA"]
[SourceTitle "CBM 215 Extra"]
[Source "ChessBase"]
[SourceDate "2023.09.30"]
[SourceVersion "1"]
[SourceVersionDate "2023.09.30"]
[SourceQuality "1"]

1. d4 Nf6 2. c4 e6 3. Nc3 Bb4 4. e3 0-0 5. Bd3 c5 6. Nge2 cxd4 7. exd4 d5 8. cxd5 Nxd5 9. 0-0 Nc6 10. a3 Bd6 11. Re1 Re8 12. Bc2 Bd7 13. Ne4 Be7 14. Qd3 g6 15. b4 Rc8 16. Bb3 a5 17. b5 Na7 18. a4 b6 19. Bh6 Rc7 20. Nf4 Nb4 21. Qe2 Nc8 22. d5 exd5 23. Qb2 f6 24. Nxd5 Nxd5 25. Bxd5+ Kh8 26. Ng5 Rf8 27. Bxf8 Qxf8 28. Ne6 Bxe6 29. Bxe6 Bb4 30. Rec1 Bc5 31. Bxc8 Rxc8 32. Re1 Kg7 33. Rad1 Qf7 34. g3 Rc7 35. Re4 h5 36. Rd3 Rc8 37. Qd2 Rc7 38. Rd8 Qb3 39. Rd7+ Rxd7 40. Qxd7+ Kh6 41. Re8 f5 42. Rh8+ Kg5 43. Kg2 Kf6 44. Rc8 Qa2 45. Rc6+ Ke5 46. Rxc5+ bxc5 47. b6 Qb1 48. b7 Qe4+ 49. f3 Qe2+ 50. Kh3 1-0

[Event "Chicago Summer op"]
[Site "Schaumburg"]
[Date "2023.06.25"]
[Round "4"]
[White "Li, George"]
[Black "Pangan, Camilo C"]
[Result "1-0"]
[WhiteElo "2395"]
[BlackElo "1951"]
[PlyCount "85"]
[EventDate "2023.06.23"]
[EventType "swiss"]
[EventRounds "5"]
[EventCountry "USA"]
[SourceTitle "EXT 2024"]
[Source "ChessBase"]
[SourceDate "2023.10.10"]
[SourceVersion "1"]
[SourceVersionDate "2023.10.10"]
[SourceQuality "1"]

1. d4 Nf6 2. c4 e5 3. dxe5 Ng4 4. Bf4 Nc6 5. Nf3 Bb4+ 6. Nbd2 Qe7 7. e3 Ngxe5 8. Nxe5 Nxe5 9. a3 Bxd2+ 10. Qxd2 d6 11. Be2 Ng6 12. Bg3 h5 13. h3 h4 14. Bh2 Ne5 15. Qc3 Rh6 16. f4 Nd7 17. Qxg7 Rg6 18. Qh8+ Nf8 19. Kf2 Bf5 20. Qh5 Be4 21. Bg4 Kd8 22. Rhg1 Qf6 23. Ra2 Nd7 24. g3 Ke7 25. Bxd7 Kxd7 26. g4 Re8 27. Qa5 Qe7 28. f5 Rg7 29. b3 Bc6 30. Qd2 Qe4 31. Qe2 f6 32. Rd2 Rge7 33. Rd3 Kc8 34. Qd1 b6 35. Bf4 Bb7 36. Rd4 Qc6 37. g5 Qd7 38. gxf6 Rf7 39. Qh5 Rxf6 40. Rg7 Qd8 41. Qh7 Be4 42. Rxe4 Rxe4 43. Bg5 1-0

[Event "Chicago Summer op"]
[Site "Schaumburg"]
[Date "2023.06.24"]
[Round "2"]
[White "Li, George"]
[Black "Wisniowski, Natalie"]
[Result "1-0"]
[WhiteElo "2395"]
[BlackElo "1960"]
[PlyCount "71"]
[EventDate "2023.06.23"]
[EventType "swiss"]
[EventRounds "5"]
[EventCountry "USA"]
[SourceTitle "EXT 2024"]
[Source "ChessBase"]
[SourceDate "2023.10.10"]
[SourceVersion "1"]
[SourceVersionDate "2023.10.10"]
[SourceQuality "1"]

1. Nf3 d5 2. c4 c6 3. e3 Nf6 4. b3 e6 5. Bb2 Bd6 6. Nc3 0-0 7. Qc2 Nbd7 8. 0-0-0 Qe7 9. Kb1 Rd8 10. Rg1 e5 11. g4 Nb6 12. g5 Ne8 13. h4 g6 14. Ne2 Bf5 15. d3 Nd7 16. Ng3 Bg4 17. Be2 Ng7 18. Nh2 Be6 19. Ng4 Bxg4 20. Bxg4 Ba3 21. Ba1 b5 22. f4 bxc4 23. dxc4 dxc4 24. Bxd7 Rxd7 25. Ne4 Nh5 26. Bxe5 cxb3 27. axb3 Rad8 28. Ka2 Qb4 29. Rxd7 Rxd7 30. Qxc6 Rd8 31. Bc3 Qe7 32. Nf6+ Nxf6 33. Qxf6 Qxf6 34. Bxf6 Re8 35. Kxa3 Rxe3 36. Rd1 1-0

[Event "North American-ch U12"]
[Site "Montreal"]
[Date "2010.08.19"]
[Round "7"]
[White "Li, George"]
[Black "Shi, Diwen"]
[Result "0-1"]
[WhiteElo "1177"]
[BlackElo "1577"]
[PlyCount "112"]
[EventDate "2010.08.16"]
[EventType "swiss"]
[EventRounds "7"]
[EventCountry "CAN"]
[SourceTitle "EXT 2013"]
[Source "ChessBase"]
[SourceDate "2012.11.22"]
[SourceVersion "1"]
[SourceVersionDate "2012.11.22"]
[SourceQuality "1"]

1. e4 Nf6 2. e5 Nd5 3. c4 Nb6 4. d4 d6 5. exd6 cxd6 6. Nc3 Bf5 7. Qf3 Bd7 8. c5 dxc5 9. dxc5 Bc6 10. Bb5 N6d7 11. Qe3 Bxb5 12. Nxb5 Qa5+ 13. Nc3 Qxc5 14. Nf3 Nc6 15. 0-0 g6 16. Re1 Bg7 17. Ng5 h6 18. Nf3 0-0 19. h3 Rac8 20. Qxc5 Nxc5 21. Re3 e6 22. Bd2 Rfd8 23. Rae1 a6 24. a3 Nd4 25. Nxd4 Bxd4 26. Rf3 Bg7 27. Be3 Nd3 28. Rb1 b5 29. Ne4 f5 30. Nc3 Nxb2 31. Rxb2 Rxc3 32. Ra2 Be5 33. g3 g5 34. Kg2 g4 35. hxg4 fxg4 36. a4 gxf3+ 37. Kxf3 Bd4 38. Rd2 Rf8+ 39. Ke4 Bxe3 40. fxe3 Rc4+ 41. Ke5 Rxa4 42. Kxe6 Re4+ 43. Kd5 Rd8+ 44. Kxe4 Rxd2 45. Kf5 b4 46. e4 b3 47. g4 b2 48. g5 hxg5 49. e5 b1R 50. e6 Re1 51. Kf6 Rde2 52. e7 Rxe7 53. Kg6 R7e5 54. Kf6 g4 55. Kg6 Rf1 56. Kh6 Rf6# 0-1

[Event "North American-ch U12"]
[Site "Montreal"]
[Date "2010.08.18"]
[Round "6"]
[White "Lagasse, Nicolas"]
[Black "Li, George"]
[Result "0-1"]
[WhiteElo "1059"]
[BlackElo "1177"]
[PlyCount "148"]
[EventDate "2010.08.16"]
[EventType "swiss"]
[EventRounds "7"]
[EventCountry "CAN"]
[SourceTitle "EXT 2013"]
[Source "ChessBase"]
[SourceDate "2012.11.22"]
[SourceVersion "1"]
[SourceVersionDate "2012.11.22"]
[SourceQuality "1"]

1. c4 e5 2. Nc3 c6 3. e4 Nf6 4. Nf3 d6 5. g3 Bg4 6. Bg2 d5 7. exd5 cxd5 8. cxd5 e4 9. Qe2 Qe7 10. Nxe4 Nxe4 11. d3 Nd6 12. Qxe7+ Bxe7 13. Bf4 0-0 14. 0-0 Nd7 15. Rfe1 Nf5 16. h3 Bxf3 17. Bxf3 Bf6 18. g4 Nh4 19. Bh1 Bxb2 20. Rab1 Bd4 21. Rxb7 Nc5 22. Rc7 Nxd3 23. Re4 Bxf2+ 24. Kf1 Rfe8 25. Bd2 Rxe4 26. Bxe4 Bb6 27. Re7 Nc5 28. d6 Nxe4 29. Rxe4 h6 30. Re7 Bc5 31. Be1 Bxd6 32. Rd7 Be5 33. Bxh4 f6 34. Bf2 a6 35. Bd4 Bxd4 36. Rxd4 Rb8 37. Ra4 Ra8 38. Ke2 Kf7 39. Kd3 Kg6 40. Ke4 Kg5 41. Ra3 a5 42. Rc3 Rb8 43. Kf3 Kh4 44. Rc5 g6 45. Rxa5 Kxh3 46. Ra3 Kh4 47. Rb3 Ra8 48. Rb2 h5 49. Rg2 Ra3+ 50. Kf4 Ra4+ 51. Kf3 hxg4+ 52. Ke3 f5 53. Rh2+ Kg5 54. Rg2 f4+ 55. Kd3 f3 56. Rf2 Kf4 57. Rc2 g3 58. Kd2 g2 59. Rc1 Rxa2+ 60. Kd3 f2 61. Rc4+ Kg3 62. Rc3 f1Q+ 63. Kd4+ Kh2 64. Re3 g1Q 65. Kd5 Ra5+ 66. Kc6 Qc1+ 67. Kd6 Qgd1+ 68. Ke6 Qc4+ 69. Ke7 Qc5+ 70. Kf6 Qdd6+ 71. Re6 Qce5+ 72. Kxg6 Qg5+ 73. Kf7 Ra7+ 74. Ke8 Qdd8# 0-1

[Event "North American-ch U12"]
[Site "Montreal"]
[Date "2010.08.18"]
[Round "5"]
[White "Li, George"]
[Black "Li, Yinshi"]
[Result "0-1"]
[WhiteElo "1177"]
[BlackElo "1634"]
[PlyCount "154"]
[EventDate "2010.08.16"]
[EventType "swiss"]
[EventRounds "7"]
[EventCountry "CAN"]
[SourceTitle "EXT 2013"]
[Source "ChessBase"]
[SourceDate "2012.11.22"]
[SourceVersion "1"]
[SourceVersionDate "2012.11.22"]
[SourceQuality "1"]

1. e4 e6 2. c4 c6 3. Nc3 d5 4. cxd5 exd5 5. exd5 cxd5 6. d4 Nf6 7. Bg5 Be7 8. Nf3 0-0 9. Bd3 Bg4 10. h3 Bh5 11. Qc2 h6 12. Bxf6 Bxf6 13. g4 Bg6 14. Bxg6 fxg6 15. Qxg6 Re8+ 16. Kd1 Nc6 17. Qd3 a6 18. a3 b5 19. h4 Kf7 20. Qf5 g6 21. Qxd5+ Qxd5 22. Nxd5 Red8 23. Nxf6 Kxf6 24. g5+ Kg7 25. Rc1 Nxd4 26. Rc7+ Kg8 27. Nxd4 Rxd4+ 28. Kc2 h5 29. Rc6 Kf7 30. Kc3 Rf4 31. Rh2 Ra7 32. Kd3 a5 33. Rc5 b4 34. Ke3 Rg4 35. f3 Rg1 36. axb4 axb4 37. Rb5 Ra4 38. b3 Ra3 39. Rb2 Re1+ 40. Kf2 Rh1 41. Rxb4 Rh2+ 42. Ke3 Rxb2 43. Rb7+ Ke8 44. Rb8+ Kd7 45. Rb7+ Kc8 46. Rg7 Rbxb3+ 47. Ke4 Rb6 48. f4 Rb4+ 49. Ke5 Ra5+ 50. Kd6 Rb6+ 51. Ke7 Ra7+ 52. Kf8 Rxg7 53. Kxg7 Kd7 54. Kh6 Ke7 55. f5 gxf5+ 56. Kxh5 Kf7 57. g6+ Kg7 58. Kg5 Rxg6+ 59. Kxf5 Kh6 60. Kf4 Kh5 61. Kf5 Rg1 62. Kf4 Kxh4 63. Kf3 Rg4 64. Ke3 Kg5 65. Kf3 Ra4 66. Ke3 Kf5 67. Kd3 Ke5 68. Kc3 Kd5 69. Kb3 Rh4 70. Ka3 Kc5 71. Kb3 Rg4 72. Ka3 Rb4 73. Ka2 Kc4 74. Ka3 Rb8 75. Ka2 Kc3 76. Ka1 Kc2 77. Ka2 Ra8# 0-1

[Event "North American-ch U12"]
[Site "Montreal"]
[Date "2010.08.17"]
[Round "3"]
[White "Song, Edward"]
[Black "Li, George"]
[Result "1-0"]
[WhiteElo "1850"]
[BlackElo "1177"]
[PlyCount "89"]
[EventDate "2010.08.16"]
[EventType "swiss"]
[EventRounds "7"]
[EventCountry "CAN"]
[SourceTitle "EXT 2013"]
[Source "ChessBase"]
[SourceDate "2012.11.22"]
[SourceVersion "1"]
[SourceVersionDate "2012.11.22"]
[SourceQuality "1"]

1. d4 d5 2. c4 e6 3. Nc3 Nf6 4. cxd5 exd5 5. Bg5 Be7 6. e3 h6 7. Bf4 Nc6 8. Nf3 Bg4 9. Be2 Bd6 10. Bxd6 Qxd6 11. Rc1 0-0 12. 0-0 Rae8 13. Nb5 Qd7 14. Ne5 Nxe5 15. dxe5 Bxe2 16. Qxe2 Rxe5 17. Rxc7 Qd8 18. Rxb7 d4 19. Nxa7 Rfe8 20. Qc4 R8e7 21. Rxe7 Qxe7 22. Nc6 Qe6 23. Qxe6 Rxe6 24. Nxd4 Rb6 25. b3 Ra6 26. a4 Nd5 27. Rc1 Rd6 28. Kf1 Kf8 29. Rc8+ Ke7 30. Nf5+ Kd7 31. Nxd6 Kxd6 32. Rd8+ Kc5 33. Rxd5+ Kxd5 34. Ke2 Kc5 35. Kd3 Kb4 36. Kd4 Ka5 37. Kc5 Ka6 38. b4 Ka7 39. Kc6 Ka8 40. b5 f5 41. Kc7 f4 42. b6 fxe3 43. b7+ Ka7 44. b8Q+ Ka6 45. Qb6# 1-0